000
00330nam a2200133Ia 4500
008
191201s2002 xx 000 0 und d
082
_a
677.02825
_b
EDP
100
_a
EDGE, J H
245
0
_a
Practical Cotton Finishing
260
_a
N.Delhi
_b
Abhishek Publications
_c
2002
300
_a
103
650
_a
B.Tech(TE)
942
_2
ddc
_c
BK
999
_c
2392
_d
2392